<?xml version="1.0" encoding="UTF-8"?>
<record
    xmlns:xsi="http://www.w3.org/2001/XMLSchema-instance"
    xsi:schemaLocation="http://www.loc.gov/MARC21/slim http://www.loc.gov/standards/marcxml/schema/MARC21slim.xsd"
    xmlns="http://www.loc.gov/MARC21/slim">

  <leader>01979nas a2200277Ia 4500</leader>
  <controlfield tag="001">R050-S2296</controlfield>
  <controlfield tag="003">IT-CnALBA</controlfield>
  <controlfield tag="008">170116c99999999xx ||||||||||||   ||und||</controlfield>
  <datafield tag="040" ind1=" " ind2=" ">
    <subfield code="a">IT-CnALBA</subfield>
    <subfield code="c">IT-CnALBA</subfield>
  </datafield>
  <datafield tag="041" ind1=" " ind2=" ">
    <subfield code="a">ITALIANO</subfield>
  </datafield>
  <datafield tag="100" ind1=" " ind2=" ">
    <subfield code="a">PIO XII, PAPA PACELLI EUGENIO.</subfield>
  </datafield>
  <datafield tag="210" ind1=" " ind2=" ">
    <subfield code="a">L'OSSERVATORE ROMANO</subfield>
  </datafield>
  <datafield tag="222" ind1=" " ind2=" ">
    <subfield code="a">L'OSSERVATORE ROMANO</subfield>
  </datafield>
  <datafield tag="245" ind1=" " ind2="0">
    <subfield code="a">L'OSSERVATORE ROMANO DELLA DOMENICA. 2 GENNAIO 25 DICEMBRE 1938. </subfield>
  </datafield>
  <datafield tag="250" ind1=" " ind2=" ">
    <subfield code="a">1a ed.</subfield>
  </datafield>
  <datafield tag="260" ind1=" " ind2=" ">
    <subfield code="a">CITT&#xC0; DEL VATICANO </subfield>
    <subfield code="c">1938 [1&#xB0; Ed.:1938 - Ed.Ling.Originale: 1938]</subfield>
  </datafield>
  <datafield tag="300" ind1=" " ind2=" ">
    <subfield code="a">12 p. </subfield>
  </datafield>
  <datafield tag="310" ind1=" " ind2=" ">
    <subfield code="a">SETTIMANALE</subfield>
  </datafield>
  <datafield tag="362" ind1=" " ind2=" ">
    <subfield code="a">Fascicolo: 192-243 / Anno: 5 (1938)</subfield>
  </datafield>
  <datafield tag="500" ind1=" " ind2=" ">
    <subfield code="a">VITA RELIGIOSA. MARTIROLOGIO ROMANO. STORIA DELLA CHIESA. PIO VI DI CESENA. PAROLA DEL SANTO PADRE SULLA PERSECUZIONE IN GERMANIA. FACCIAMO RELIGIONE, NON POLITICA. MORTE AMBASCIATORE DI POLONIA. SIGNIFICATI ELEZIONI RUMENE. LA PRESIDENZA DEL COMITATO PERMANENTE DEI CONGRESSI EUCARISTICI ITALIANI. EPIFANIA BEFANA RE MAGI. IL COFANO PER IL CODICE ATLANTICO NELLA NOVA SALA LEONARDESSA DELL'AMBROSIANA. ESEMPI DAL BASSO, POESIA. LA VITA CATTOLICA ITALIANA. RIVELAZIONE. LEGISLAZIONE ITALIANA. NOTIZIE SPORT. LA FAMIGLIA E LA CASA. GIROTONDO. CINEMA PRIMA VISIONE. </subfield>
  </datafield>
  <datafield tag="501" ind1=" " ind2=" ">
    <subfield code="a">Societ&#xE0; San Paolo EM - Piazza San Paolo, 14 - 12051 ALBA (CN)  (non commercial uses only) &#xAE; Copyright 2017</subfield>
  </datafield>
  <datafield tag="520" ind1=" " ind2=" ">
    <subfield code="a">VITA RELIGIOSA. MARTIROLOGIO ROMANO. STORIA DELLA CHIESA. PIO VI DI CESENA. PAROLA DEL SANTO PADRE SULLA PERSECUZIONE IN GERMANIA. FACCIAMO RELIGIONE, NON POLITICA. MORTE AMBASCIATORE DI POLONIA. SIGNIFICATI ELEZIONI RUMENE. LA PRESIDENZA DEL COMITATO PERMANENTE DEI CONGRESSI EUCARISTICI ITALIANI. EPIFANIA BEFANA RE MAGI. IL COFANO PER IL CODICE ATLANTICO NELLA NOVA SALA LEONARDESSA DELL'AMBROSIANA. ESEMPI DAL BASSO, POESIA. LA VITA CATTOLICA ITALIANA. RIVELAZIONE. LEGISLAZIONE ITALIANA. NOTIZIE SPORT. LA FAMIGLIA E LA CASA. GIROTONDO. CINEMA PRIMA VISIONE. </subfield>
  </datafield>
  <datafield tag="650" ind1=" " ind2=" ">
    <subfield code="a">PERIODICI</subfield>
  </datafield>
  <datafield tag="942" ind1=" " ind2=" ">
    <subfield code="c">CR</subfield>
  </datafield>
  <datafield tag="957" ind1=" " ind2=" ">
    <subfield code="7">1</subfield>
  </datafield>
  <datafield tag="999" ind1=" " ind2=" ">
    <subfield code="a">64194</subfield>
    <subfield code="b">SI </subfield>
    <subfield code="g">1</subfield>
    <subfield code="c">330894</subfield>
    <subfield code="d">330894</subfield>
  </datafield>
  <datafield tag="952" ind1=" " ind2=" ">
    <subfield code="0">0</subfield>
    <subfield code="1">0</subfield>
    <subfield code="4">0</subfield>
    <subfield code="6">R_050S2296</subfield>
    <subfield code="7">1</subfield>
    <subfield code="a">ALBA</subfield>
    <subfield code="b">ALBA</subfield>
    <subfield code="d">2017-01-16</subfield>
    <subfield code="l">0</subfield>
    <subfield code="o">R050-S2296</subfield>
    <subfield code="r">2017-01-16 00:00:00</subfield>
    <subfield code="w">2017-01-16</subfield>
    <subfield code="y">CR</subfield>
    <subfield code="z">(data import: 16 gennaio 2017) - By Epidotti, Vaglietti. </subfield>
  </datafield>
</record>
